|
|
|
|
| LEADER |
00966nam a2200265 a 4500 |
| 001 |
7620 |
| 003 |
BD-DhAAL |
| 005 |
20141204110117.0 |
| 008 |
141204s1990 ne ab b 000 0 eng |
| 010 |
|
|
|a 92168782
|
| 020 |
|
|
|a 9068320343
|
| 040 |
|
|
|a DLC
|c DLC
|d BD-DhAAL
|
| 050 |
0 |
0 |
|a RA427.9
|b .I47 1990
|
| 082 |
0 |
0 |
|a 362.1/09172/4
|2 20
|
| 245 |
0 |
0 |
|a Implementing primary health care :
|b experiences since Alma-Ata /
|c Pieter Streefland and Jarl Chabot (eds.)
|
| 260 |
|
|
|a Amsterdam :
|b Royal Tropical Institute,
|c c1990.
|
| 300 |
|
|
|a 160 p. :
|b ill., maps ;
|c 24 cm.
|
| 504 |
|
|
|a Includes bibliographical references.
|
| 541 |
|
|
|e 7620
|
| 650 |
|
0 |
|a Primary health care
|z Developing countries.
|9 6529
|
| 700 |
1 |
|
|a Streefland, Pieter H.
|9 6530
|
| 700 |
1 |
|
|a Chabot, Jarl.
|9 6531
|
| 942 |
|
|
|2 ddc
|c BK
|
| 999 |
|
|
|c 33213
|d 33213
|
| 952 |
|
|
|0 0
|1 0
|2 ddc
|4 0
|6 362_109172400000000_IMP
|7 0
|9 44331
|a BRACUL
|b BRACUL
|d 2014-12-04
|l 0
|o 362.1091724 IMP
|p 3010007620
|r 2014-12-04
|t 1
|w 2014-12-04
|y BK
|